00000000cam 2200000zi 4500
0019.961888
003CaOODSP
00520260605142909
006m     o  d f      
007cr cn ||||||||
008260413t20262026onc     o    f000 0 eng d
020 |a9780660995359
040 |aCaOODSP|beng|erda|cCaOODSP
043 |an-cn---
0861 |aBT39-93/2026E-PDF
24500|aGuide on the exceptional contracting limit for sustained emergencies of national importance.
264 1|aOttawa, Ontario : |bTreasury Board of Canada Secretariat = Secrétariat du Conseil du trésor du Canada, |c2026.
264 4|c©2026
300 |a1 online resource (19 pages)
336 |atext|btxt|2rdacontent
337 |acomputer|bc|2rdamedia
338 |aonline resource|bcr|2rdacarrier
500 |aIssued also in French under title: Guide sur la limite contractuelle exceptionnelle en cas d'urgences soutenues d'importance nationale.
500 |a"Published: 2026-01-12."
650 0|aContracting out|xGovernment policy|zCanada.
650 0|aPublic contracts|xGovernment policy|zCanada.
650 0|aEmergency management|xGovernment policy|zCanada.
7101 |aCanada. |bTreasury Board, |eissuing body.
77508|tGuide sur la limite contractuelle exceptionnelle en cas d'urgences soutenues d'importance nationale.|w(CaOODSP)9.961887
85640|qPDF|s898 KB|uhttps://publications.gc.ca/collections/collection_2026/sct-tbs/BT39-93-2026-eng.pdf
8564 |qHTML|sN/A|uhttps://www.tbs-sct.canada.ca/pol/doc-eng.aspx?id=32825